000 00699nam a2200217Ii 4500
003 JO-AjNU
008 230605s9999||||xx |||||||||||||| ||und||
017 _a2004/21442
040 _aJO-AjNU
_bara
_erda
_cJO-AjNU
041 _aara
050 1 4 _aBP184.25 2005
100 3 _aمحمد، سعد حسن,
_eauthor
_920446
245 0 0 _aتجارة لن تبور في فضائل الأعمال والباقيات الصالحات
250 _aط1
264 3 1 _aالجيزة: مكتبة النافذة، 2005
300 _a130ص
336 _atext
_btxt
_2rdacontent
337 _aunmediated
_bn
_2rdamedia
338 _avolume
_bnc
_2rdacarrier
650 4 _aالاخلاق الاسلامية
_920447
999 _aA6931
_c10499
_d10499